000 01115cam a22003617a 4500
001 5620
003 FISKH
005 20241220123814.0
008 110414s2010 ctua a 000 1 eng d
010 _a 2011927508
020 _a9781607272038
020 _a9781607272038
020 _a1607272032
040 _aBTCTA
_beng
_cBTCTA
_dOCL
_dDMM
_dBDX
_dDLC
050 _aQL737.C23
082 _a599.7571392
100 1 _aMcCune, Jamie.
245 1 0 _aLion cub roars /
_cby Jamie McCune.
260 _aSoundprints :
_bNorwalk,
_c2011.
300 _a14 unnumbered pages :
_bcolor illustrations ;
_c19 cm
490 1 _aBaby animals
500 _aCover title.
500 _aOn board pages.
505 _aF
520 _aLion Cub is growing up. Join Lion Cub as he explores and tries new things. Soon Lion Cub will learn how to roar! --
521 _a300
_bLexile estimate
521 _aF
_bRaz-Plus
650 0 _aLion
_vJuvenile literature.
650 0 _aLion
_xInfancy
_vJuvenile literature.
906 _a7
_bcbc
_ccopycat
_d2
_encip
_f20
_gy-gencatlg
942 _2ddc
_cBK
_n0
999 _c5620
_d5620